000 00721nam a2200217Ii 4500
003 JO-AjNU
008 230605s9999||||xx |||||||||||||| ||und||
017 _a2006/5/1216
040 _aJO-AjNU
_bara
_erda
_cJO-AjNU
041 _aara
050 1 4 _aPJ7631 2007
100 3 _aتأليف الجدع،أحمد,
_eauthor
_910920
245 0 0 _aأشهر القصائد العربية المعاصرة قصائد لها تاريخ، ج2
250 _aط1
264 3 1 _aعمان:دار الضياء للنشر والتوزيع،2007
300 _aج2، 196ص
336 _atext
_btxt
_2rdacontent
337 _aunmediated
_bn
_2rdamedia
338 _avolume
_bnc
_2rdacarrier
650 4 _aالقضائد العربية
_910921
999 _aA2056
_c5624
_d5624